A Brief Introduction to The infinitesimal Calculas (Record no. 553270)

MARC details
000 -LEADER
fixed length control field 00411nam a2200157Ia 4500
008 - FIXED-LENGTH DATA ELEMENTS--GENERAL INFORMATION
fixed length control field 240825s9999 xx 000 0 und d
020 ## - INTERNATIONAL STANDARD BOOK NUMBER
ISBN 9789355270641
082 ## - DEWEY DECIMAL CLASSIFICATION NUMBER
Classification number 515.42
Item number FIS
100 ## - MAIN ENTRY--AUTHOR NAME
Personal name Fisher, Irving
245 #2 - TITLE STATEMENT
Title A Brief Introduction to The infinitesimal Calculas
Statement of responsibility, etc / Fisher, Irving
250 ## - EDITION STATEMENT
Edition statement 1st edition
260 ## - PUBLICATION, DISTRIBUTION, ETC. (IMPRINT)
Name of publisher Maven
Year of publication 2022
300 ## - PHYSICAL DESCRIPTION
Number of Pages 88
650 ## - SUBJECT ADDED ENTRY--TOPICAL TERM
Topical Term Mathematics
942 ## - ADDED ENTRY ELEMENTS (KOHA)
Koha item type English Books

No items available.

Find us on the map